00383 a2200133 450000100060000002000180000604000220002410000180004624000570006424500520012130000080017336200090018165000590019061716 a9783190072552 cAnchieta - Pituba aDreyer, Hilke10aLehr - und übungsbuch der deutschen grammatiklpor10aLehr - und übungsbuch der deutschen grammatik a3590 a2000 4aLínguas germânicas (teutônicas) língua alemã